Porovnanie vybraných daňových systémov so zameraním sa na zdaňovanie príjmov fyzických osôb bakalárska práca

Enregistré dans:
Détails bibliographiques
Auteur principal: Želiar, Adam
Collectivité auteur: Fakulta podnikového manažmentu EU. Katedra podnikových financií
Autres auteurs: Vavrová, Katarína, 1960-
Format: Livre
Langue:slovaque
Publié: Bratislava 2015
Tags: Ajouter un tag
Pas de tags, Soyez le premier à ajouter un tag!

MARC

LEADER 00000nbm a2200000 4500
001 0202881
005 20161212101810.1
041 0 |a slo 
044 |a SK 
245 1 0 |a Porovnanie vybraných daňových systémov so zameraním sa na zdaňovanie príjmov fyzických osôb  |b bakalárska práca  |c Adam Želiar ; školiteľ: Katarína Vavrová 
264 1 |a Bratislava  |c 2015 
300 |a 48 s. 
100 1 |a Želiar, Adam 
700 1 |a Vavrová, Katarína, 1960- 
710 2 |a Fakulta podnikového manažmentu EU. Katedra podnikových financií